Sports Quiz

Random Sports or World Quiz

Top Ranked World Golfers (2009) Quiz Stats

 Plays Quiz Updated Nov 8, 2018

Score 0/64 Timer 10:00
4 Plays Today
Rank Golfer % Correct
1Tiger Woods
99.6%
4Vijay Singh
88%
5Phil Mickelson
87.7%
2Sergio Garcia
85.5%
34Jeev Milkha Singh
80.8%
3Padraig Harrington
75.2%
13Ernie Els
74.1%
17Mike Weir
51.1%
18Adam Scott
48.7%
16Rory McIlroy
48.5%
60Angel Cabrera
46.6%
12Lee Westwood
46.1%
14Jim Furyk
44.7%
22K.J. Choi
44.1%
28Zach Johnson
43.5%
6Henrik Stenson
43.1%
45Dustin Johnson
43%
9Camilo Villegas
42.3%
33Retief Goosen
40.9%
31Ian Poulter
40%
11Anthony Kim
39.8%
15Justin Rose
36.5%
36Luke Donald
35.5%
8Geoff Ogilvy
33.9%
23Paul Casey
32.4%
20Steve Stricker
32.3%
32Tim Clark
30.5%
21Stewart Cink
30.3%
19Martin Kaymer
29.4%
37Graeme McDowell
28.2%
24Miguel Jimenez
27.9%
59Davis Love III
27.4%
Rank Golfer % Correct
10Kenny Perry
26.6%
7Robert Karlsson
24.8%
25Trevor Immelman
24.7%
46Stuart Appleby
23.4%
48Hunter Mahan
21.3%
30Robert Allenby
21%
50Boo Weekley
19.6%
52Søren Hansen
19%
27Justin Leonard
18.8%
51Anders Hansen
18.7%
58Peter Hanson
15.9%
64Brendan Jones
15.8%
39Stephen Ames
15.4%
35Ross Fisher
14.1%
41Rory Sabbatini
13.3%
43Oliver Wilson
12.3%
38Andrés Romero
12%
63Charl Schwartzel
12%
29Ben Curtis
10.8%
49Louis Oosthuizen
10.6%
26Álvaro Quirós
10.2%
47Sean O'Hair
10.1%
40Shingo Katayama
10%
42Aaron Baddeley
8.8%
61Søren Kjeldsen
5%
62Pat Perez
3.8%
56Rod Pampling
3.2%
44Richard Sterne
3%
55Mathew Goggin
2.8%
53Prayad Marksaeng
2.7%
57Kevin Sutherland
2.6%
54Lin Wen-Tang
2.2%

You're not logged in!

Compare scores with friends on all Sporcle quizzes.
OR
Log In

Sporcle TV

Today on Sporcle TV


Watch our educational content, quiz creation guides, and fun videos on Sporcle TV.

Show Comments

Extras

Top Quizzes Today


Score Distribution

Your Account Isn't Verified!

In order to create a playlist on Sporcle, you need to verify the email address you used during registration. Go to your Sporcle Settings to finish the process.

Report this User

Report this user for behavior that violates our Community Guidelines.

Details: